Culture Générale - Série 193 - Statistiques

Statistiques générales
  • Ce quiz a été pris 300 fois
  • Le résultat moyen est 6 sur 10
Statistiques - réponses
Question Réponse % Correct
Dans quel océan se situe l'archipel des Canaries ? Atlantique
96%
Combien y a-t-il de "salopards" dans 1 film avec Charles Bronson et Lee Marvin ? 12
89%
Dans quel sport Anna Kournikova s'est-elle illustrée ? Le tennis
85%
Quel président des Etats-Unis est représenté sur les billets de 1 $ ? George Washington
81%
Quelle planète est la plus éloignée du Soleil ? Neptune
75%
Quel plan d'aide économique à l'Europe est lancé en 1948 ? Plan Marshall
71%
Quel duo fait un tube avec "L'Avventura" en 1971 ? Stone et Charden
59%
Qui joue le vampire interviewé dans le film "Entretien avec un vampire" ? Brad Pitt
42%
Dans quelle chanson Alain Bashung a-t-il crevé l'oreiller ? Vertige de l'amour
34%
Quel acteur jouait le rôle titre de la série : "L'homme qui tombe à pic" ? Lee Majors
15%
Aucun quiz correspondant
Distribution des résultats
% des personnes avec chaque résultat
Percentile par nombre de réponses
Votre historique - résultats
Vous n’avez pas pris ce quiz